Narendra Modi A Visionary Prime Minister/ (Record no. 211071)

MARC details
000 -LEADER
fixed length control field 00619nam a22001937a 4500
005 - DATE AND TIME OF LATEST TRANSACTION
control field 20250424121553.0
010 ## - LCCN (DPL NO)
LC control number ENG-144705
020 ## - INTERNATIONAL STANDARD BOOK NUMBER
Terms of availability 2000.00
International Standard Book Number 9788182747944
035 ## - SYSTEM CONTROL NUMBER
System control number EN-128237
037 ## - SOURCE OF ACQUISITION
Source of stock number/acquisition DBAD/PUB
082 ## - DEWEY DECIMAL CLASSIFICATION NUMBER
Classification number 921
Edition number 1
245 ## - TITLE STATEMENT
Title Narendra Modi A Visionary Prime Minister/
Statement of responsibility, etc Aashu Patel
250 ## - EDITION STATEMENT
Edition statement 1
260 ## - PUBLICATION, DISTRIBUTION, ETC. (IMPRINT)
Place of publication, distribution, etc New Delhi
Name of publisher, distributor, etc PENTAGON PRESS
Date of publication, distribution, etc 2014
270 ## - ADDRESS
City New Delhi
Address 206, Peacock Lane,Shahpur Jat
Postal code 110049
Telephone number 011-64706243,26491568
Electronic mail address rajan@pentagonpress.in
300 ## - PHYSICAL DESCRIPTION
Extent Various Page
Dimensions 24cm(hbk)
Other physical details illustration
700 ## - ADDED ENTRY--PERSONAL NAME
Personal name Aashu Patel
9 (RLIN) 80810
942 ## - ADDED ENTRY ELEMENTS (KOHA)
Source of classification or shelving scheme Dewey Decimal Classification
Item type English Books
Classification part 921
Call number suffix NAR
Holdings
Withdrawn status Lost status Not for loan Collection code Home library Current library Date acquired Source of acquisition Cost, normal purchase price Full call number Barcode Copy number Cost, replacement price Koha item type
      Non-fiction Mobile Library Mobile Library 23/04/2025 DBAD 2000.00 921 NAR EN-128237 1 2000.00 English Books

© Delhi Public Library
Hit Counter
free hit counter